Statistics for Most Guessed Cities - Oceania

Click here to take the quiz!

General Stats

  • This quiz has been taken 33 times
  • The average score is 16 of 20

Answer Stats

%City% Correct
98Melbourne
100%
96Perth
100%
98Sydney
100%
96Wellington
100%
93Adelaide
97%
96Auckland
97%
96Brisbane
97%
89Canberra
93%
89Christchurch
86%
89Darwin
86%
91Port Moresby
86%
89Suva
79%
72Gold Coast
76%
80Alice Springs
72%
89Hobart
72%
70Cairns
66%
67Newcastle
66%
61Apia
62%
57Dunedin
62%
65Honiara
48%

Score Distribution

Percentile by Number Answered

Percent of People with Each Score

Your Score History

You have not taken this quiz